=LDR 00000nam 2200000 4500 =001 INLIS000000000810112 =005 20251022011609 =035 ##$$a 0010-1025000095 =245 ##$$a Muhammad the Mesesenger of Allah /$c Prof.Dr.Ahmed bin Uthman Al Mazyad =260 ##$:$b Moeslim World League =082 ##$$a 297.63 =084 ##$$a 297.63 MAZ t